Didaktika technických predmetov /

Hlavní autor: Turek, Ivan
Jazyk: Čeština
Vydáno: Bratislava : Slovenské pedagogické nakladateľstvo, 1987
Vydání: 1. vyd.
Témata:
Fyzický popis: 178 s.
Knihy
Uloženo v:
LEADER 01007nam a22002772a 4500
001 000086851
003 CZ BrMZK
005 20070122104101.0
007 ta
008 960707s1987 xo f cze d
040 |a BOA001  |b cze 
080 9 |a 372.862:37.02  |2 MRF 
100 1 |a Turek, Ivan  |7 jk01140441  |4 aut 
245 1 0 |a Didaktika technických predmetov /  |c Ivan Turek 
250 |a 1. vyd. 
260 |a Bratislava :  |b Slovenské pedagogické nakladateľstvo,  |c 1987 
300 |a 178 s. 
504 |a Obsahuje bibliografie 
910 |a BOA001  |b PK-0105.064  |b TK-0235.587  |b 2-0920.172 
920 |a 000285152 
920 |a 000388958 
964 |a Předměty technické - didaktika 
990 |a BK 
996 7 |b 2619805899  |c 2-0920.172  |l MZK  |r Sklad / do 1 hodiny  |n 8  |w 000086851  |u 000030  |a 1  |e BOA001  |j MZK50  |s A 
996 7 |b 2629966564  |c TK-0235.587  |l MZK  |r Sklad / do 24 hodin  |n 6  |w 000086851  |u 000020  |a 1  |e BOA001  |j MZK50  |s A 
996 7 |b 3119965723  |c PK-0105.064  |l MZK  |r Sklad / do 1 hodiny  |n 8  |w 000086851  |u 000010  |a 1  |e BOA001  |j MZK50  |s A